Telakī pakauṛiyām̐. (Record no. 54691)

MARC details
000 -LEADER
fixed length control field 00499cam a22002051 4500
001 - CONTROL NUMBER
control field sa 63002817
003 - CONTROL NUMBER IDENTIFIER
control field DLC
005 - DATE AND TIME OF LATEST TRANSACTION
control field 20260227111936.0
008 - FIXED-LENGTH DATA ELEMENTS--GENERAL INFORMATION
fixed length control field 900207s1962 ii 000 0 hino
010 ## - LIBRARY OF CONGRESS CONTROL NUMBER
LC control number sa 63002817
035 ## - SYSTEM CONTROL NUMBER
System control number (OCoLC)21014830
040 ## - CATALOGING SOURCE
Original cataloging agency DLC
Transcribing agency WaU
Modifying agency DLC
042 ## - AUTHENTICATION CODE
Authentication code premarc
050 00 - LIBRARY OF CONGRESS CALL NUMBER
Classification number PK2098.M22
Item number A6 1962
100 1# - MAIN ENTRY--PERSONAL NAME
Personal name Machwe, Prabhakar Balvant,
Dates associated with a name 1917-
245 10 - TITLE STATEMENT
Title Telakī pakauṛiyām̐.
260 ## - PUBLICATION, DISTRIBUTION, ETC.
Date of publication, distribution, etc. [1962]
300 ## - PHYSICAL DESCRIPTION
Extent 95 p.
Dimensions 19 cm.
500 ## - GENERAL NOTE
General note In Hindi.

No items available.

Powered by Koha